000 01440aab a2200193 i 4500
001 768714001
003 CO-MdFUSB
005 20240618062718.0
008 240423t2000 ag ||||| |||| 00| 0 spa d
040 _bspa
_cCO-MdFUSB
041 _aspa
100 1 _aAltmann, Walter (1873-)
_eautor
245 1 0 _aPaz, misión y unidad
_c/ Walter Altmann
300 _aVolumen 19, número 1 y 2 (enero - junio, 2000), páginas: 14 - 17
_c; 27 cm
520 _aI tema de la IV Asamblea General del Consejo Latino- americano de Iglesias (CLAI), en Barranquilla, Colombia, en enero del 2001, es Libres para construir la paz», con referencia al texto bíblico de Isaías 32, según el cual la paz es fruto de la justicia». La importancia de ese tema es obvia para la realidad colombiana, pero es necesario mostrar cuán relevante también lo es para la realidad latinoamericana en general. Nuevas formas de conflictos sociales están desarrollándose peligrosamente. El incremento de la delincuencia y del crimen organizado, con secuestros y asesinatos cada vez más numerosos y repugnantes, acompañados de masiva corrupción en los aparatos estatales, policiales y de seguridad, a la vez que de la expansión del narcotráfico, está poniendo la sociedad entera en sobresalto.
650 0 _aMisiones
_9154
773 0 _tIglesia y Misión
_049402
_959629
_gVolumen 19, número 1 y 2 (enero - junio, 2000), páginas: 14 - 17
_qpáginas: 14
942 _cANA
999 _c52431
_d52431